Active directory cookbook: for Windows Server 2003 & Windows 2000 (Record no. 9799)

000 -LEADER
fixed length control field 00632 a2200193 4500
020 ## - INTERNATIONAL STANDARD BOOK NUMBER
International Standard Book Number 0-596-00464-8
040 ## - CATALOGING SOURCE
Original cataloging agency DLC
Language of cataloging DLC
082 04 - DEWEY DECIMAL CLASSIFICATION NUMBER
Classification number 005.446
100 1# - MAIN ENTRY--PERSONAL NAME
Personal name Allen, Robbie
245 10 - TITLE STATEMENT
Title Active directory cookbook: for Windows Server 2003 & Windows 2000
Remainder of title for Windows Server 2003 & Windows 2000
Statement of responsibility, etc. Robbie Allen
260 ## - PUBLICATION, DISTRIBUTION, ETC.
Place of publication, distribution, etc. Sebastopol, Calif. :
Name of publisher, distributor, etc. O'Reilly,
Date of publication, distribution, etc. 2003
300 ## - PHYSICAL DESCRIPTION
Extent xxvi, 593 s.
650 #7 - SUBJECT ADDED ENTRY--TOPICAL TERM
Topical term or geographic name entry element Windows 2000
650 #7 - SUBJECT ADDED ENTRY--TOPICAL TERM
Topical term or geographic name entry element Operating systems (Computers)
650 #7 - SUBJECT ADDED ENTRY--TOPICAL TERM
Topical term or geographic name entry element Directory services (Computer network technology)
650 #7 - SUBJECT ADDED ENTRY--TOPICAL TERM
Topical term or geographic name entry element Operativsystem
650 #7 - SUBJECT ADDED ENTRY--TOPICAL TERM
Topical term or geographic name entry element Computer operating systems
942 ## - ADDED ENTRY ELEMENTS (KOHA)
Koha item type Book
Call number prefix 005.446 ALL
Source of classification or shelving scheme
Holdings
Withdrawn status Lost status Damaged status Not for loan Collection code Permanent Location Current Location Shelving location Date acquired Source of acquisition Cost, normal purchase price Total Checkouts Full call number Barcode Date last seen Price effective from Koha item type
          Central Library (CL) Central Library (CL) First Floor - Operating System/ Data Structure 02/10/2007 Progressive International Agencies 2915.19   005.446 ALL SEECS008108 11/14/2012 01/05/2017 Book
© 2023 Central Library, National University of Sciences and Technology. All Rights Reserved.